[Event "Suwalki Warakomska Memorial 6th"]
[Site "Suwalki"]
[Date "2022.08.08"]
[Round "7"]
[White "Puczylowski, Marcin"]
[Black "Kubicka, Anna"]
[Result "0-1"]
[WhiteElo "2086"]
[BlackElo "2237"]
[PlyCount "72"]
[EventDate "2022.08.03"]
[EventType "swiss"]
[EventRounds "9"]
[EventCountry "POL"]
[SourceTitle "CBM 209 Extra"]
[Source "ChessBase"]
[SourceDate "2022.09.30"]
[SourceVersion "1"]
[SourceVersionDate "2022.09.30"]
[SourceQuality "1"]

1. e4 c5 2. Nf3 d6 3. d4 Nf6 4. Nc3 cxd4 5. Nxd4 a6 6. Be3 e5 7. Nf3 Be7 8. Bc4 0-0 9. 0-0 Nbd7 10. a4 Nb6 11. Bd3 Qc7 12. Nd2 Be6 13. a5 Nbd7 14. Qe2 Qc6 15. Nc4 Qc7 16. Nd2 Qc6 17. Nc4 Qc7 18. Nd2 Qc6 19. Nc4 d5 20. exd5 Nxd5 21. Nxd5 Bxd5 22. f3 f5 23. Nd2 Rac8 24. b3 Bb4 25. Ra4 Bxd2 26. Qxd2 Nc5 27. Bxc5 Qxc5+ 28. Qf2 Qc3 29. Qb6 e4 30. fxe4 fxe4 31. Bc4 Rxf1+ 32. Kxf1 Rf8+ 33. Ke2 Qxc2+ 34. Ke1 Qc3+ 35. Ke2 Bxc4+ 36. Rxc4 Qd3+ 0-1

[Event "POL-chT 1st League"]
[Site "Szklarska Poreba"]
[Date "2021.09.07"]
[Round "4.13"]
[White "Puczylowski, Marcin"]
[Black "Jarzebowski, Kacper"]
[Result "0-1"]
[WhiteElo "2103"]
[BlackElo "2090"]
[PlyCount "78"]
[EventDate "2021.09.04"]
[EventType "team-swiss"]
[EventRounds "9"]
[EventCountry "POL"]
[SourceTitle "CBM 204 Extra"]
[Source "ChessBase"]
[SourceDate "2021.11.30"]
[SourceVersion "1"]
[SourceVersionDate "2021.11.30"]
[SourceQuality "1"]
[WhiteTeam "Debica Gryf"]
[BlackTeam "Warszawa Czternastka"]
[WhiteTeamCountry "POL"]
[BlackTeamCountry "POL"]

1. e4 Nf6 2. e5 Nd5 3. d4 d6 4. exd6 cxd6 5. c4 Nb6 6. Nf3 g6 7. b3 Bg7 8. Bb2 0-0 9. Qd2 Bg4 10. Be2 d5 11. h3 Bxf3 12. Bxf3 Nc6 13. c5 Nc8 14. 0-0 e6 15. b4 a6 16. a4 N8e7 17. b5 Na5 18. Qd3 Nc4 19. Bc3 axb5 20. axb5 Rxa1 21. Bxa1 Qa5 22. Nc3 Nf5 23. Nxd5 exd5 24. Bxd5 Na3 25. g4 Ne7 26. Bxb7 Qxb5 27. Qxb5 Nxb5 28. Re1 Bf6 29. d5 Bxa1 30. d6 Bc3 31. Re3 Nc8 32. Bxc8 Rxc8 33. d7 Rf8 34. c6 Bf6 35. g5 Bd8 36. Kg2 Nc7 37. h4 Ne6 38. Kg3 Nd4 39. Rc3 Ne2+ 0-1

[Event "POL-chT 2nd League"]
[Site "Jastrzebia Gora"]
[Date "2019.09.07"]
[Round "1.4"]
[White "Puczylowski, Marcin"]
[Black "Kowalak, Piotr"]
[Result "1-0"]
[WhiteElo "2115"]
[BlackElo "2108"]
[PlyCount "87"]
[EventDate "2019.09.07"]
[EventType "team-swiss"]
[EventRounds "9"]
[EventCountry "POL"]
[SourceTitle "EXT 2020"]
[Source "ChessBase"]
[SourceDate "2019.10.17"]
[SourceVersion "1"]
[SourceVersionDate "2019.10.17"]
[SourceQuality "1"]
[WhiteTeam "Debica Gryf"]
[BlackTeam "Legnica Miedz"]
[WhiteTeamCountry "POL"]
[BlackTeamCountry "POL"]

1. e4 c5 2. c3 g6 3. d4 cxd4 4. cxd4 d5 5. exd5 Nf6 6. Bb5+ Nbd7 7. Nc3 Bg7 8. d6 exd6 9. Qe2+ Qe7 10. Bf4 d5 11. Qxe7+ Kxe7 12. Nf3 Nb6 13. 0-0 h6 14. a4 a6 15. a5 Nbd7 16. Rfe1+ Kd8 17. Ba4 Nb8 18. Ne5 Be6 19. Nxg6 Rg8 20. Ne5 Nbd7 21. Ra3 Nh5 22. Bxd7 Nxf4 23. Bxe6 Bxe5 24. dxe5 Rxg2+ 25. Kh1 fxe6 26. Nd1 Rg5 27. Rf3 Ng6 28. Rf6 Ke7 29. f4 Rg4 30. Ne3 Rxf4 31. Rxg6 Raf8 32. Rxh6 Re4 33. Rh7+ Ke8 34. Kg2 Rg8+ 35. Kf3 Rf8+ 36. Ke2 Rxe5 37. Rxb7 d4 38. Kd3 dxe3 39. Rxe3 Rd5+ 40. Kc3 Rf6 41. Rh3 Rf8 42. Rb8+ Rd8 43. Rb6 Rc8+ 44. Kd4 1-0

[Event "POL-chT 2nd League"]
[Site "Jastrzebia Gora"]
[Date "2018.09.06"]
[Round "7.3"]
[White "Puczylowski, Marcin"]
[Black "Kolasinski, Krzysztof"]
[Result "1/2-1/2"]
[WhiteElo "2110"]
[BlackElo "2118"]
[PlyCount "52"]
[EventDate "2018.09.01"]
[EventType "team-swiss"]
[EventRounds "9"]
[EventCountry "POL"]
[SourceTitle "CBM 186 Extra"]
[Source "ChessBase"]
[SourceDate "2018.08.24"]
[SourceVersion "1"]
[SourceVersionDate "2018.08.24"]
[SourceQuality "1"]
[WhiteTeam "Debica Gryf"]
[BlackTeam "Wroclaw Polonia"]
[WhiteTeamCountry "POL"]
[BlackTeamCountry "POL"]

1. d4 Nf6 2. c4 e6 3. Nf3 d5 4. g3 Bb4+ 5. Bd2 Be7 6. Bg2 0-0 7. 0-0 c6 8. Qc2 Nbd7 9. Bf4 b6 10. Nc3 Bb7 11. Rfd1 dxc4 12. Nd2 Nd5 13. Nxc4 Nxf4 14. gxf4 Qc7 15. e3 Rad8 16. Rac1 c5 17. d5 exd5 18. Nxd5 Bxd5 19. Rxd5 b5 20. Ne5 Nxe5 21. Rxe5 Bd6 22. Rd5 Be7 23. Re5 Bd6 24. Rd5 Be7 25. Re5 Bd6 26. Rd5 Be7 1/2-1/2

[Event "POL-chT 2nd League"]
[Site "Szklarska Poreba"]
[Date "2017.09.09"]
[Round "8.1"]
[White "Aliavdin, Nikolai"]
[Black "Puczylowski, Marcin"]
[Result "1-0"]
[WhiteElo "2342"]
[BlackElo "2116"]
[PlyCount "89"]
[EventDate "2017.09.02"]
[EventType "team-swiss"]
[EventRounds "9"]
[EventCountry "POL"]
[SourceTitle "CBM 180 Extra"]
[Source "ChessBase"]
[SourceDate "2017.10.06"]
[SourceVersion "1"]
[SourceVersionDate "2017.10.06"]
[SourceQuality "1"]
[WhiteTeam "Plock Stowarzyszenie"]
[BlackTeam "Debica Gryf"]
[WhiteTeamCountry "POL"]
[BlackTeamCountry "POL"]

1. e4 e6 2. d4 d5 3. e5 c5 4. c3 Nc6 5. Nf3 Qb6 6. a3 cxd4 7. cxd4 Bd7 8. Nc3 f6 9. Bd3 g6 10. 0-0 Bg7 11. Re1 fxe5 12. dxe5 Nge7 13. Be3 Qd8 14. Bc5 0-0 15. h4 Rxf3 16. Qxf3 Nxe5 17. Qg3 Nxd3 18. Qxd3 Nf5 19. Nxd5 b6 20. Bb4 a5 21. Bc3 Bc6 22. Bxg7 Qxd5 23. Qxd5 Bxd5 24. Be5 Nxh4 25. f3 Kf7 26. Rac1 g5 27. Rc7+ Kg6 28. Rg7+ Kh6 29. Kf2 Rc8 30. Rc7 Rg8 31. Bg3 Nf5 32. Rh1+ Kg6 33. Rcxh7 Rc8 34. Bc7 Nh4 35. Rd7 Bc6 36. Rd6 Bd5 37. Rc1 b5 38. Rd8 Rxd8 39. Bxd8 a4 40. Rc5 Nf5 41. Rxb5 Nd6 42. Rb4 Nf7 43. Bc7 Bb3 44. Rxb3 axb3 45. a4 1-0

[Event "Suwalki Warakomska Memorial 1st"]
[Site "Suwalki"]
[Date "2017.08.12"]
[Round "2"]
[White "Puczylowski, Marcin"]
[Black "Molenda, Marcin"]
[Result "0-1"]
[WhiteElo "2103"]
[BlackElo "2420"]
[PlyCount "132"]
[EventDate "2017.08.11"]
[EventType "swiss"]
[EventRounds "9"]
[EventCountry "POL"]
[SourceTitle "CBM 180 Extra"]
[Source "ChessBase"]
[SourceDate "2017.10.06"]
[SourceVersion "1"]
[SourceVersionDate "2017.10.06"]
[SourceQuality "1"]

1. Nf3 d5 2. d4 Nf6 3. Bf4 c5 4. c3 Nc6 5. e3 Qb6 6. Na3 c4 7. Rb1 Qa5 8. Nxc4 dxc4 9. Bxc4 b5 10. Bb3 Bf5 11. e4 Nxe4 12. Nh4 Nxc3 13. bxc3 Bxb1 14. Qxb1 Qxc3+ 15. Bd2 Qxd4 16. Nf3 Qd7 17. Qe4 Rc8 18. 0-0 e6 19. Bc3 h5 20. Rd1 Qe7 21. a4 a6 22. axb5 axb5 23. h4 Rh6 24. Bd2 Rg6 25. Bg5 Qc7 26. Qe2 Be7 27. Qxb5 Qb8 28. Qa4 Kf8 29. Bc2 f5 30. Rb1 Qa8 31. Qxa8 Rxa8 32. Rb6 Bxg5 33. hxg5 Rc8 34. Ba4 e5 35. Nh4 Re6 36. Bb3 Ree8 37. Nxf5 Nd4 38. Nd6 Rc1+ 39. Kh2 Rd8 40. Ba4 Ra1 41. Nb7 Rb8 42. Nc5 Rxb6 43. Nd7+ Ke7 44. Nxb6 Kd8 45. f3 Ke7 46. Kg3 Nf5+ 47. Kh2 Ne3 48. Bb3 Nf1+ 49. Kh3 Rb1 50. Bc4 Nd2 51. Nd5+ Kd6 52. Ne3 Nxc4 53. Nxc4+ Ke6 54. Nd2 Rh1+ 55. Kg3 Kf5 56. Ne4 h4+ 57. Kf2 Ra1 58. Ke3 Ra3+ 59. Kf2 Kf4 60. Kg1 Ra4 61. Nf2 Kxg5 62. Kh2 Kf5 63. Nh3 Ra2 64. Ng1 g5 65. Kh3 Ra1 66. Ne2 Rh1# 0-1

[Event "Suwalki Warakomska Memorial 1st"]
[Site "Suwalki"]
[Date "2017.08.11"]
[Round "1"]
[White "Paszewski, Mateusz"]
[Black "Puczylowski, Marcin"]
[Result "1/2-1/2"]
[WhiteElo "2321"]
[BlackElo "2103"]
[PlyCount "64"]
[EventDate "2017.08.11"]
[EventType "swiss"]
[EventRounds "9"]
[EventCountry "POL"]
[SourceTitle "CBM 180 Extra"]
[Source "ChessBase"]
[SourceDate "2017.10.06"]
[SourceVersion "1"]
[SourceVersionDate "2017.10.06"]
[SourceQuality "1"]

1. e4 e6 2. d4 d5 3. Nd2 Nf6 4. e5 Nfd7 5. Bd3 c5 6. c3 Nc6 7. Ne2 cxd4 8. cxd4 f6 9. exf6 Nxf6 10. Nf3 Bd6 11. 0-0 0-0 12. Bf4 Bxf4 13. Nxf4 Ne4 14. Qc1 Ng5 15. Nxg5 Qxg5 16. Ne2 Qxc1 17. Raxc1 Bd7 18. Rc5 Nb4 19. Bb1 Rac8 20. Rfc1 Rxc5 21. Rxc5 Rc8 22. Rxc8+ Bxc8 23. f4 b6 24. Kf2 Ba6 25. Nc1 g6 26. g3 Kf7 27. Ke3 Kf6 28. a3 Nc6 29. Nb3 Bf1 30. Nd2 Bh3 31. Bd3 Bf5 32. Be2 h5 1/2-1/2

[Event "Suwalki Warakomska Memorial 1st"]
[Site "Suwalki"]
[Date "2017.??.??"]
[Round "5"]
[White "Puczylowski, Marcin"]
[Black "Okrucinski, Tadeusz"]
[Result "1/2-1/2"]
[WhiteElo "2103"]
[BlackElo "2244"]
[PlyCount "99"]
[EventDate "2017.08.11"]
[EventType "swiss"]
[EventRounds "9"]
[EventCountry "POL"]
[SourceTitle "CBM 180 Extra"]
[Source "ChessBase"]
[SourceDate "2017.10.06"]
[SourceVersion "1"]
[SourceVersionDate "2017.10.06"]
[SourceQuality "1"]

1. e4 c5 2. c3 d5 3. exd5 Qxd5 4. d4 Nc6 5. Nf3 Bg4 6. Be2 cxd4 7. cxd4 e6 8. Nc3 Bb4 9. 0-0 Bxc3 10. bxc3 Nge7 11. h3 Bh5 12. c4 Qd7 13. Ba3 0-0-0 14. Qa4 Bxf3 15. Bxf3 Nxd4 16. Bxb7+ Kxb7 17. Qb4+ Ka8 18. Qxe7 Qxe7 19. Bxe7 Rd7 20. Rfd1 Rc8 21. c5 Rxe7 22. Rxd4 Rxc5 23. Rd8+ Kb7 24. Rb1+ Kc6 25. g3 Rd7 26. Rc8+ Rc7 27. Rh8 h5 28. Rb3 g6 29. Ra3 Kb7 30. Rb3+ Ka6 31. Rf8 Ra5 32. Rf3 Rxa2 33. R8xf7 Rxf7 34. Rxf7 Rc2 35. Rf6 Kb5 36. Rxe6 Rc6 37. Re1 a5 38. Kg2 a4 39. g4 hxg4 40. hxg4 a3 41. f4 a2 42. Ra1 Ra6 43. Kg3 Kc4 44. Kh4 Ra5 45. f5 gxf5 46. gxf5 Kb3 47. Kg5 Kb2 48. Rxa2+ Kxa2 49. Kg6 Kb3 50. f6 1/2-1/2

[Event "POL-chT 2nd League"]
[Site "Jastrzebia Gora"]
[Date "2016.09.10"]
[Round "8.51"]
[White "Fudalej, Michal"]
[Black "Puczylowski, Marcin"]
[Result "0-1"]
[WhiteElo "2211"]
[BlackElo "2101"]
[PlyCount "66"]
[EventDate "2016.09.03"]
[EventType "team-swiss"]
[EventRounds "9"]
[EventCountry "POL"]
[SourceTitle "EXT 2017"]
[Source "ChessBase"]
[SourceDate "2016.10.25"]
[SourceVersion "1"]
[SourceVersionDate "2016.10.25"]
[SourceQuality "1"]
[WhiteTeam "Wroclaw Polonia"]
[BlackTeam "Debica Gryf"]
[WhiteTeamCountry "POL"]
[BlackTeamCountry "POL"]

1. Nf3 Nf6 2. g3 b6 3. Bg2 Bb7 4. c4 e6 5. b3 d5 6. Bb2 Nbd7 7. 0-0 Bd6 8. d4 0-0 9. Nbd2 Qe7 10. Ne5 Rfd8 11. Rc1 c5 12. cxd5 exd5 13. Nxd7 Rxd7 14. Re1 Re8 15. dxc5 Bxc5 16. e3 Ne4 17. Qe2 Bb4 18. Bxe4 dxe4 19. Red1 Red8 20. Nb1 Rd3 21. Bd4 Ba6 22. Qg4 f6 23. Kg2 Bc5 24. Bxc5 bxc5 25. Nc3 Bc8 26. Qh5 g6 27. Qh4 Qe5 28. Rxd3 exd3 29. Nd1 d2 30. Rc2 Bb7+ 31. f3 Bxf3+ 32. Kxf3 Qf5+ 33. Ke2 Qxc2 0-1

[Event "POL-chT 2nd League"]
[Site "Jastrzebia Gora"]
[Date "2016.09.09"]
[Round "7.45"]
[White "Puczylowski, Marcin"]
[Black "Mickiewicz, Piotr"]
[Result "1-0"]
[WhiteElo "2101"]
[BlackElo "2331"]
[PlyCount "129"]
[EventDate "2016.09.03"]
[EventType "team-swiss"]
[EventRounds "9"]
[EventCountry "POL"]
[SourceTitle "EXT 2017"]
[Source "ChessBase"]
[SourceDate "2016.10.25"]
[SourceVersion "1"]
[SourceVersionDate "2016.10.25"]
[SourceQuality "1"]
[WhiteTeam "Debica Gryf"]
[BlackTeam "Pultusk Nadnarwianka"]
[WhiteTeamCountry "POL"]
[BlackTeamCountry "POL"]

1. e4 c5 2. Nf3 e6 3. d4 cxd4 4. Nxd4 Nf6 5. Nc3 d6 6. g3 Nc6 7. Bg2 Bd7 8. 0-0 Be7 9. Ndb5 Qb8 10. a4 0-0 11. Bf4 Ne5 12. Bg5 a6 13. Bxf6 Bxf6 14. Nd4 Rc8 15. Nce2 b5 16. axb5 axb5 17. Rxa8 Qxa8 18. f4 Nc4 19. e5 Qxg2+ 20. Kxg2 Ne3+ 21. Kf2 Nxd1+ 22. Rxd1 dxe5 23. fxe5 Be7 24. c3 Ra8 25. Nc2 Bc5+ 26. Kf3 Bc6+ 27. Kf4 Bd5 28. Ra1 Ra4+ 29. b4 Rxa1 30. Nxa1 Bf2 31. Nc2 Bc4 32. Kf3 Bb6 33. Ned4 Bc7 34. Na3 Bd5+ 35. Ke3 Bxe5 36. Ndxb5 h5 37. c4 Bb7 38. c5 h4 39. Kf2 hxg3+ 40. hxg3 Bd5 41. Nc2 Kf8 42. Ne3 Bb3 43. Ng4 Bb2 44. Ke3 f5 45. Nf2 Ke7 46. Nd3 Bf6 47. c6 Bd5 48. c7 Bb7 49. Nc5 Bc8 50. Na4 Be5 51. Nb6 Bb7 52. Kf2 g5 53. Nc4 Bf6 54. Nbd6 Bd4+ 55. Ke2 Ba6 56. b5 Bc8 57. Nxc8+ Kd7 58. b6 Bxb6 59. N8xb6+ Kxc7 60. Kd3 Kc6 61. Kd4 g4 62. Ke5 Kc5 63. Kxe6 f4 64. gxf4 Kd4 65. Nd5 1-0

[Event "POL-chT 2nd League"]
[Site "Jastrzebia Gora"]
[Date "2016.09.06"]
[Round "4.63"]
[White "Puczylowski, Marcin"]
[Black "Maciaga, Marcin"]
[Result "0-1"]
[WhiteElo "2101"]
[BlackElo "2120"]
[PlyCount "132"]
[EventDate "2016.09.03"]
[EventType "team-swiss"]
[EventRounds "9"]
[EventCountry "POL"]
[SourceTitle "EXT 2017"]
[Source "ChessBase"]
[SourceDate "2016.10.25"]
[SourceVersion "1"]
[SourceVersionDate "2016.10.25"]
[SourceQuality "1"]
[WhiteTeam "Debica Gryf"]
[BlackTeam "Zielonka Zieloni"]
[WhiteTeamCountry "POL"]
[BlackTeamCountry "POL"]

1. e4 c5 2. Nf3 g6 3. c3 d5 4. exd5 Qxd5 5. d4 Bg7 6. Na3 cxd4 7. Nb5 Na6 8. Nbxd4 Nf6 9. Be3 0-0 10. Qb3 Nc5 11. Qxd5 Nxd5 12. Nc2 Nxe3 13. Nxe3 Rd8 14. Be2 Na4 15. 0-0 Nxb2 16. Rac1 Na4 17. Nd4 Nxc3 18. Rxc3 Bxd4 19. Rc7 e6 20. Rfc1 Bb6 21. R7c2 Bd7 22. Bf3 Ba4 23. Rb2 Rac8 24. Rcb1 Bxe3 25. fxe3 b6 26. h4 Bc6 27. Rc1 Bxf3 28. Rxc8 Rxc8 29. gxf3 h5 30. Kf2 Kf8 31. Kg3 Ke7 32. Kf4 Kf6 33. Rb3 e5+ 34. Kg3 Ke6 35. Ra3 Rc7 36. Kf2 Kf5 37. Kg3 f6 38. Rd3 Ke6 39. e4 b5 40. Ra3 Kf7 41. Ra6 f5 42. exf5 gxf5 43. Kf2 f4 44. Ke2 Rc3 45. Rxa7+ Ke6 46. Ra5 b4 47. Ra4 Re3+ 48. Kf2 Ra3 49. Rxb4 Rxa2+ 50. Kg1 Kd5 51. Kf1 Rc2 52. Re4 Rh2 53. Kg1 Rxh4 54. Ra4 Rh3 55. Kf2 Rh2+ 56. Kg1 Rc2 57. Ra8 Kd4 58. Rh8 Ke3 59. Rxh5 e4 60. fxe4 f3 61. Rh3 Rc1+ 62. Kh2 Rc2+ 63. Kg1 Rc8 64. Kh2 Rg8 65. e5 Ke2 66. e6 f2 0-1

[Event "Krakow op-A 26th"]
[Site "Krakow"]
[Date "2015.12.28"]
[Round "2"]
[White "Puczylowski, Marcin"]
[Black "Zochowski, Kacper"]
[Result "1/2-1/2"]
[WhiteElo "2140"]
[BlackElo "2235"]
[PlyCount "86"]
[EventDate "2015.12.27"]
[EventType "swiss"]
[EventRounds "9"]
[EventCountry "POL"]
[SourceTitle "CBM 170 Extra"]
[Source "ChessBase"]
[SourceDate "2016.02.25"]
[SourceVersion "1"]
[SourceVersionDate "2016.02.25"]
[SourceQuality "1"]

1. d4 Nf6 2. c4 e6 3. Nf3 Bb4+ 4. Nbd2 d5 5. e3 0-0 6. a3 Bxd2+ 7. Qxd2 b6 8. b4 dxc4 9. Bxc4 Bb7 10. 0-0 Nbd7 11. Bb2 Ne4 12. Qc2 Nd6 13. Bd3 f5 14. Rac1 Rc8 15. Ne5 Nxe5 16. dxe5 Ne4 17. f3 Ng5 18. Bb5 c5 19. Rfd1 Nxf3+ 20. gxf3 Qg5+ 21. Qg2 Qxe3+ 22. Qf2 Qg5+ 23. Kf1 cxb4 24. axb4 Bd5 25. Ba6 Rxc1 26. Rxc1 Qf4 27. Be2 Qxb4 28. Qd4 Qb3 29. Qc3 Qa4 30. Ba3 Ra8 31. Qb4 Qe8 32. Qe7 Qg6 33. Rc7 h6 34. Kf2 Kh7 35. Qf7 Qg5 36. Be7 Qg6 37. Bf6 Rg8 38. Qxg6+ Kxg6 39. Be7 Ra8 40. Ba6 Kh5 41. h4 b5 42. Bxb5 Rb8 43. Be2 f4 1/2-1/2

[Event "POL-chT 2nd League"]
[Site "Jastrzebia Gora"]
[Date "2015.09.12"]
[Round "8.33"]
[White "Perdek, Miroslaw"]
[Black "Puczylowski, Marcin"]
[Result "1/2-1/2"]
[WhiteElo "2225"]
[BlackElo "2119"]
[PlyCount "44"]
[EventDate "2015.09.05"]
[EventType "team-swiss"]
[EventRounds "9"]
[EventCountry "POL"]
[SourceTitle "EXT 2017"]
[Source "ChessBase"]
[SourceDate "2016.10.25"]
[SourceVersion "1"]
[SourceVersionDate "2016.10.25"]
[SourceQuality "1"]
[WhiteTeam "Wroclaw MUKS MDK Fabryczna"]
[BlackTeam "Debica Gryf"]
[WhiteTeamCountry "POL"]
[BlackTeamCountry "POL"]

1. d4 d5 2. c4 e6 3. Nc3 Nf6 4. Nf3 c6 5. Bg5 dxc4 6. e4 b5 7. e5 h6 8. Bh4 g5 9. Nxg5 hxg5 10. Bxg5 Be7 11. exf6 Bxf6 12. Bxf6 Qxf6 13. g3 Bb7 14. Bg2 Na6 15. Nxb5 0-0-0 16. Qa4 cxb5 17. Bxb7+ Kxb7 18. Qxb5+ Ka8 19. Qc6+ Kb8 20. Qb5+ Ka8 21. Qc6+ Kb8 22. Qb5+ Ka8 1/2-1/2

[Event "POL-chT 2nd League"]
[Site "Jastrzebia Gora"]
[Date "2015.09.11"]
[Round "7.27"]
[White "Lizak, Jakub"]
[Black "Puczylowski, Marcin"]
[Result "1-0"]
[WhiteElo "2113"]
[BlackElo "2119"]
[PlyCount "79"]
[EventDate "2015.09.05"]
[EventType "team-swiss"]
[EventRounds "9"]
[EventCountry "POL"]
[SourceTitle "EXT 2017"]
[Source "ChessBase"]
[SourceDate "2016.10.25"]
[SourceVersion "1"]
[SourceVersionDate "2016.10.25"]
[SourceQuality "1"]
[WhiteTeam "Gliwice Politechnika Slaska"]
[BlackTeam "Debica Gryf"]
[WhiteTeamCountry "POL"]
[BlackTeamCountry "POL"]

1. e4 e5 2. Nf3 Nc6 3. Bb5 Nge7 4. Nc3 g6 5. d4 exd4 6. Nd5 Bg7 7. Bg5 h6 8. Bf6 Bxf6 9. Nxf6+ Kf8 10. 0-0 Kg7 11. Nd5 d6 12. Bxc6 Nxc6 13. Nxd4 Be6 14. Nxc6 bxc6 15. Qd4+ f6 16. Ne3 c5 17. Qd3 Re8 18. f4 Bf7 19. Rae1 Qe7 20. Ng4 h5 21. Nf2 Bxa2 22. b3 Qf7 23. Qc3 c4 24. b4 d5 25. Ra1 a5 26. bxa5 d4 27. Qa3 Bb3 28. cxb3 cxb3 29. Rab1 Reb8 30. Qc5 Qd7 31. Rfd1 Rb5 32. Rxd4 Rxc5 33. Rxd7+ Kf8 34. Rxb3 Ke8 35. Rd1 Rcxa5 36. Rdb1 Kd7 37. Nd3 Ra2 38. R3b2 R2a3 39. Nb4 c5 40. Nd5 1-0

[Event "POL-chT 2nd League"]
[Site "Jastrzebia Gora"]
[Date "2015.09.06"]
[Round "2.45"]
[White "Jedra, Waldemar"]
[Black "Puczylowski, Marcin"]
[Result "0-1"]
[WhiteElo "1986"]
[BlackElo "2119"]
[PlyCount "64"]
[EventDate "2015.09.05"]
[EventType "team-swiss"]
[EventRounds "9"]
[EventCountry "POL"]
[SourceTitle "EXT 2017"]
[Source "ChessBase"]
[SourceDate "2016.10.25"]
[SourceVersion "1"]
[SourceVersionDate "2016.10.25"]
[SourceQuality "1"]
[WhiteTeam "Ostroda Ostrodzianka"]
[BlackTeam "Debica Gryf"]
[WhiteTeamCountry "POL"]
[BlackTeamCountry "POL"]

1. c4 e5 2. Nc3 Bb4 3. Nf3 Bxc3 4. dxc3 Nc6 5. g3 d6 6. Bg2 Nge7 7. 0-0 0-0 8. Ne1 Be6 9. b3 Qd7 10. Qc2 Bh3 11. f4 Rae8 12. Bxh3 Qxh3 13. f5 f6 14. e4 g6 15. Ng2 gxf5 16. exf5 Kf7 17. Qe4 Rg8 18. Ne3 Rg5 19. Rb1 h5 20. Rf3 Reg8 21. Rb2 h4 22. Rg2 hxg3 23. hxg3 Rxg3 24. Rfxg3 Rxg3 25. Bd2 Nxf5 26. Nxf5 Rxg2+ 27. Qxg2 Qxf5 28. Qd5+ Qe6 29. Qf3 f5 30. Qh1 Qg6+ 31. Kf1 f4 32. Qh8 f3 0-1

[Event "Poznan op 23rd"]
[Site "Poznan"]
[Date "2015.08.11"]
[Round "2"]
[White "Simon, Marek"]
[Black "Puczylowski, Marcin"]
[Result "1/2-1/2"]
[WhiteElo "1836"]
[BlackElo "2126"]
[PlyCount "111"]
[EventDate "2015.08.10"]
[EventType "swiss"]
[EventRounds "9"]
[EventCountry "POL"]
[SourceTitle "CBM 167 Extra"]
[Source "ChessBase"]
[SourceDate "2015.09.14"]
[SourceVersion "1"]
[SourceVersionDate "2015.09.14"]
[SourceQuality "1"]

1. d4 Nf6 2. c4 e6 3. Nf3 b6 4. e3 Bb7 5. Be2 Be7 6. Nc3 Ne4 7. 0-0 Nxc3 8. bxc3 0-0 9. Re1 d6 10. Bd3 Nc6 11. e4 e5 12. Be3 Bf6 13. Rc1 Qe7 14. a3 Ba6 15. c5 Bxd3 16. Qxd3 dxc5 17. dxc5 Na5 18. Qb5 c6 19. Qb4 Qe6 20. cxb6 axb6 21. Bxb6 Be7 22. Bc5 Rfb8 23. Bxe7 Rxb4 24. axb4 Qxe7 25. bxa5 Rxa5 26. Rb1 Qa7 27. Rbd1 g6 28. Rd8+ Kg7 29. g3 Ra2 30. Rd2 Rxd2 31. Nxd2 Qa2 32. Nf3 Qc2 33. Re3 Kf6 34. g4 h6 35. Kg2 Ke6 36. h3 f6 37. Nh4 Kf7 38. Nf3 Qb1 39. h4 Qb5 40. h5 gxh5 41. gxh5 Qb3 42. Nh4 Qd1 43. Nf5 Qxh5 44. Rh3 Qg4+ 45. Ng3 Kg6 46. c4 Qf4 47. c5 Qc1 48. Nf5 Qc2 49. Rxh6+ Kg5 50. Rh4 Qxc5 51. Rh7 Kf4 52. Rh4+ Kg5 53. Rh7 Qc2 54. Rg7+ Kh5 55. Rh7+ Kg5 56. Rg7+ 1/2-1/2

[Event "POL-ch U26"]
[Site "Zabrze"]
[Date "2015.01.10"]
[Round "2"]
[White "Barglowski, Filip"]
[Black "Puczylowski, Marcin"]
[Result "1-0"]
[WhiteElo "2310"]
[BlackElo "2090"]
[PlyCount "83"]
[EventDate "2015.01.10"]
[EventType "swiss"]
[EventRounds "9"]
[EventCountry "POL"]
[SourceTitle "EXT 2016"]
[Source "ChessBase"]
[SourceDate "2015.10.08"]
[SourceVersion "1"]
[SourceVersionDate "2015.10.08"]
[SourceQuality "1"]

1. e4 e5 2. Nf3 Nc6 3. Bc4 Bc5 4. c3 Nf6 5. d4 exd4 6. cxd4 Bb4+ 7. Bd2 Nxe4 8. Bxb4 Nxb4 9. Bxf7+ Kxf7 10. Qb3+ d5 11. Ne5+ Kf6 12. Qxb4 Qd6 13. Qb3 Bf5 14. 0-0 Rhf8 15. f3 Ng5 16. Nc3 c6 17. Qxb7 Rab8 18. Qxc6 Qxc6 19. Nxc6 Rxb2 20. Nxd5+ Ke6 21. Ne3 Bd3 22. Rfd1 Be2 23. d5+ Kd6 24. Rd4 Re8 25. Nf5+ Kc5 26. Rc1+ Kb6 27. Nd6 Re3 28. h4 Nxf3+ 29. gxf3 Rxf3 30. Rb4+ Rxb4 31. Nxb4 a5 32. Rc6+ Ka7 33. Nc2 Ba6 34. Nd4 Rd3 35. N4b5+ Bxb5 36. Nxb5+ Kb7 37. Nd6+ Ka7 38. Rc5 Kb6 39. Rb5+ Ka6 40. a4 Rd2 41. Nc8 Ra2 42. Rb6# 1-0